Krause Dietoterapia
Uloženo v:
| Hlavní autoři: | , |
|---|---|
| Médium: | Kniha |
| Jazyk: | španělština |
| Vydáno: |
Barcelona
Elsevier España S. A
2009
|
| Vydání: | 12a. ed |
| Témata: | |
| Tagy: |
Přidat tag
Žádné tagy, Buďte první, kdo vytvoří štítek k tomuto záznamu!
|
MARC
| LEADER | 00000cam a2200000 a 4500 | ||
|---|---|---|---|
| 001 | UCD7470 | ||
| 003 | CL-VaPUC | ||
| 008 | 170326e20090000sp |||||||||||||||||spa|d | ||
| 020 | |a 9788445819104 | ||
| 082 | 0 | 4 | |a 615.854 |b MAH |2 21 |
| 100 | |a Mahan, L. Kathleen |e autora |9 591470 | ||
| 700 | 0 | |a Escott-Stump, Sylvia |e author |9 591471 | |
| 245 | 1 | 0 | |a Krause Dietoterapia |
| 250 | |a 12a. ed | ||
| 300 | |a 1351 p | ||
| 942 | |c BK | ||
| 945 | |d 20170326 03:36:00 |a dcastane | ||
| 260 | |a Barcelona |b Elsevier España S. A |c 2009 | ||
| 650 | 0 | |a Alimentación humana |9 433159 | |
| 650 | 0 | |a Alimentos funcionales |9 553401 | |
| 650 | 7 | |a DIETOTERAPIA |2 CL-VaPUC |9 561884 | |
| 650 | 0 | |a Nutrición |9 259434 | |
| 583 | |a last modification |c 20170326 03:36:00 |k Rodrigo Vera | ||
| 999 | |c 367486 |d 367484 | ||